Application of green marketing strategies in the US passenger car market

Charakteristika zeleného marketingu. Dôvody pre využívanie zeleného marketingu. Stratégia zeleného marketingu. Zelený marketingový mix. Prípadová štúdia na porovnanie dvoch výrobcov osobných vozidiel, Toyoty a Volkswagenu, na trhu USA.

Salvato in:
Dettagli Bibliografici
Autore principale: Zendulka, Lukáš, 1989-
Natura: Capitolo di libro
Lingua:inglese
Soggetti:
Tags: Aggiungi Tag
Nessun Tag, puoi essere il primo ad aggiungerne!!

MARC

LEADER 00000nla a2200000 4500
001 0211639
005 20240502083530.0
041 0 |a eng 
044 |a CZ 
245 1 0 |a Application of green marketing strategies in the US passenger car market  |c Lukáš Zendulka 
520 |a Charakteristika zeleného marketingu. Dôvody pre využívanie zeleného marketingu. Stratégia zeleného marketingu. Zelený marketingový mix. Prípadová štúdia na porovnanie dvoch výrobcov osobných vozidiel, Toyoty a Volkswagenu, na trhu USA. 
610 2 0 |a marketing environmentálny 
610 2 0 |a marketing mix 
610 2 0 |a ochrana prostredia životného 
610 2 0 |a priemysel automobilový 
610 2 0 |a automobily osobné 
610 2 0 |a firmy 
610 2 0 |a USA 
100 1 |a Zendulka, Lukáš, 1989-